00478nam a2200133 a 450000500170000000800410001705000220005810000210008024501050010152100080020665000510021465000510026565000280031620140310183207.0030203s19uu xx 00 eng d aRM 170b.G33 2003 aGahart, Betty L. aIntravenous medications :ba handbook for nurses and allied health professionals /cBetty L. Gahart. aNUR aIntravenous theraphyxhandbooks, manuals, etc. aInfusions, intravenousxhandook, manuals, etc. aInjections, intravenous